<?xml version="1.0" encoding="UTF-8"?>
<marc:record xmlns:marc="http://www.loc.gov/MARC21/slim">
   <marc:leader>00000nam a2200000 a 4500</marc:leader>
   <marc:datafield ind1="1" ind2=" " tag="100">
      <marc:subfield code="a">Dos Passos, John</marc:subfield>
      <marc:subfield code="4">aut</marc:subfield>
      <marc:subfield code="e">Verfasser/-in</marc:subfield>
   </marc:datafield>
   <marc:datafield ind1="1" ind2=" " tag="100">
      <marc:subfield code="a">Gunsteren, Dirk van</marc:subfield>
      <marc:subfield code="4">trl</marc:subfield>
      <marc:subfield code="e">Übersetzer/-in</marc:subfield>
   </marc:datafield>
   <marc:datafield ind1=" " ind2=" " tag="653">
      <marc:subfield code="a">Berlin Alexanderplatz</marc:subfield>
   </marc:datafield>
   <marc:datafield ind1=" " ind2=" " tag="653">
      <marc:subfield code="a">Erster Weltkrieg</marc:subfield>
   </marc:datafield>
   <marc:datafield ind1=" " ind2=" " tag="653">
      <marc:subfield code="a">Fähre</marc:subfield>
   </marc:datafield>
   <marc:datafield ind1=" " ind2=" " tag="653">
      <marc:subfield code="a">Großstadt</marc:subfield>
   </marc:datafield>
   <marc:datafield ind1=" " ind2=" " tag="653">
      <marc:subfield code="a">Großstadtdschungel</marc:subfield>
   </marc:datafield>
   <marc:datafield ind1=" " ind2=" " tag="653">
      <marc:subfield code="a">Manhattan</marc:subfield>
   </marc:datafield>
   <marc:datafield ind1=" " ind2=" " tag="653">
      <marc:subfield code="a">New York</marc:subfield>
   </marc:datafield>
   <marc:datafield ind1=" " ind2=" " tag="653">
      <marc:subfield code="a">Odyssee</marc:subfield>
   </marc:datafield>
   <marc:datafield ind1=" " ind2=" " tag="653">
      <marc:subfield code="a">Stadtpanorama</marc:subfield>
   </marc:datafield>
   <marc:datafield ind1=" " ind2=" " tag="653">
      <marc:subfield code="a">Vielfältigkeit</marc:subfield>
   </marc:datafield>
   <marc:datafield ind1=" " ind2=" " tag="653">
      <marc:subfield code="a">frühes 20. Jahrhundert</marc:subfield>
   </marc:datafield>
   <marc:datafield ind1=" " ind2=" " tag="653">
      <marc:subfield code="a">urbanes Leben</marc:subfield>
   </marc:datafield>
   <marc:datafield ind1=" " ind2=" " tag="653">
      <marc:subfield code="a">Roman</marc:subfield>
   </marc:datafield>
   <marc:datafield ind1=" " ind2=" " tag="653">
      <marc:subfield code="a">Fiktionale Darstellung</marc:subfield>
   </marc:datafield>
   <marc:datafield ind1=" " ind2=" " tag="653">
      <marc:subfield code="a">Erzählende Literatur: Gegenwartsliteratur ab 1945</marc:subfield>
   </marc:datafield>
   <marc:datafield ind1="0" ind2="0" tag="245">
      <marc:subfield code="a">Manhattan Transfer</marc:subfield>
   </marc:datafield>
   <marc:datafield ind1="0" ind2="0" tag="245">
      <marc:subfield code="c">John Dos Passos ; aus dem Englischen von Dirk van Gunsteren</marc:subfield>
   </marc:datafield>
   <marc:datafield ind1=" " ind2="1" tag="264">
      <marc:subfield code="a">Reinbek bei Hamburg</marc:subfield>
      <marc:subfield code="b">Rowohlt</marc:subfield>
   </marc:datafield>
   <marc:datafield ind1=" " ind2=" " tag="250">
      <marc:subfield code="a">1. Auflage</marc:subfield>
   </marc:datafield>
   <marc:datafield ind1="1" ind2=" " tag="520">
      <marc:subfield code="a">Angaben aus der Verlagsmeldung

Manhattan Transfer Manhattan Transfer Dos Passos, Manhattan Transfer NÜ / von John Dos Passos

Manhattan Transfer gehört zu den großen revolutionären Romanen des 20. Jahrhunderts. Durch eine Fülle von Schauplätzen und Charakteren lässt Dos Passos ein schillerndes Porträt des urbanen New Yorker Dschungels entstehen, in dem das Jagdfieber wütet: nach Arbeit, Glück und Macht. Die Figuren des Romans – ein junger Einwanderer, ein Gewerkschaftsführer, ein Mörder, ein Karrierist, eine nach Selbstständigkeit strebende Frau, ein sensibler Alkoholiker und andere – scheinen aus der unbestimmbar großen Masse der Stadtbewohner herausgerissen, um irgendwann wieder in ihrem Gewühl unterzugehen. Der eigentliche Protagonist des Romans ist jedoch die Großstadt New York von den frühen Jahren des 20. Jahrhunderts bis nach dem Ersten Weltkrieg – eine immense, scheinbar anarchische Macht, der alle ausgeliefert sind.

Der Roman ist panoramisch, filmisch, eine beeindruckende Collage modernen Lebens, voller Episoden und Brüche. Dos Passos' Kamerablick setzt das Dokumentarische neben das Erleben seiner fiktiven Figuren; er verfolgt sie durch das Dickicht der Stadt, überlässt es jedoch dem Leser, seine Schlüsse aus ihrem Lebenskampf zu ziehen.

Nach Erscheinen dieses Romans rückte Dos Passos mit einem Schlag in die Riege der wichtigsten Autoren des 20. Jahrhunderts. In ihm vermischen sich der Naturalismus eines Theodore Dreiser und der Modernismus eines James Joyce zu einem vibirierenden, atemlos rhythmischen Stil, der bis heute nichts von seiner schillernden Farbigkeit und leuchtenden Intensität eingebüßt hat. Zahlreiche Autoren nahmen sich Dos Passos weltweit zum Vorbild, unter anderm übte er maßgeblichen Einfluss auf Alfred Döblins berühmten Roman Berlin Alexanderplatz aus.

Die vorliegende Neuübersetzung stammt von dem renommierten Literaturübersetzer Dirk van Gunsteren (Thomas Pynchon, Philip Roth, T.C. Boyle) und ersetzt die aus dem Jahr 1966 stammende von Paul Baudisch. Sie ist mit einem Nachwort von Clemens Mayer (bekannt durch seinen ebenfalls Dos Passos verpflichteten großen Leipzig-Roman Im Stein) versehen.
</marc:subfield>
   </marc:datafield>
   <marc:datafield ind1=" " ind2=" " tag="020">
      <marc:subfield code="a">9783498050467</marc:subfield>
      <marc:subfield code="9">9783498050467</marc:subfield>
   </marc:datafield>
   <marc:datafield ind1=" " ind2=" " tag="020">
      <marc:subfield code="a">349805046X</marc:subfield>
      <marc:subfield code="9">349805046X</marc:subfield>
   </marc:datafield>
   <marc:datafield ind1=" " ind2=" " tag="041">
      <marc:subfield code="a">ger</marc:subfield>
   </marc:datafield>
   <marc:datafield ind1=" " ind2=" " tag="300">
      <marc:subfield code="a">539 Seiten</marc:subfield>
   </marc:datafield>
</marc:record>
